Harry Potter - wiedza ogólna cz. 2 - Statystyki

Ogólne statystyki
  • Ten quiz został rozwiązany 638 razy
  • Średni wynik to 11 z 28
Statystyki odpowiedzi
Pytanie Odpowiedź % Poprawnych
Czym zaczął wymiotować Ron po tym, jak rzucił zaklęcie na Malfoya swoją uszkodzoną różdżką? Ślimakami
80%
Czym Lupin poczęstował Harry'ego, żeby ten poczuł się lepiej po wizycie dementora w pociągu? Czekoladą
75%
Co zniszczyło dziennik Toma Riddle'a, co ostatecznie doprowadziło do zniszczenia wspomnienia o nim? Kieł Bazyliszka
72%
Jakiej części ciała nie miał Peter Petigrew? Palca
72%
Na tej pozycji grał Wiktor Krum w reprezentacji Bułgarii Szukający
65%
Jak nazywał się ogromny pająk zamieszkujący Zakazany Las, który był "wychowankiem" Hagrida? Aragog
62%
Jak nazywała się magiczna roślina, którą zjadł Harry, zanim wskoczył do jeziora podczas wykonywania drugiego zadania Turnieju Trójmagicznego? Skrzeloziele
54%
Jak Hagrid dał na imię smokowi, którego próbował hodować na własną rękę? Norbert
52%
Kto rzucił na Dumbledore'a zaklęcie Avada Kedavra, wyręczając tym samym Malfoya od zadania, które powierzył mu Lord Voldemort? Severus Snape
50%
Kto zabił Bellatrix Lastrange? Molly Weasley
40%
Kto został zraniony sztyletem Bellatrix Lastranege, ratujący tym samym życie Harry'ego podczas ucieczki z Dworu Malfoyów? Zgredek
40%
Z jakim zwierzęciem rozmawiał Harry w ZOO, podczas urodzin Dudleya, co finalnie skończyło się znikającą szybą i ucieczką owego zwierzęcia? Z wężem
40%
Kto, dzięki regularnemu piciu Eliksiru Wielosokowego, przez cały rok szkolny udawał profesora Moody'ego? Barty Crouch Junior
39%
Jak nazywał się eliksir, który chciała podać Umbridge Harry'emu, żeby dowiedzieć się prawdy o Gwardii Dumbledore'a? Veritaserum
34%
Jak nazywało się zwierciadło, w którym Harry zobaczył zmarłych rodziców, Ron siebie jako kapitana drużyny Quidditcha, a Quirrell kamień filozoficzne? Ain Eingarp
33%
Kto był pierwszą ofiarą Bazyliszka? Pani Norris
33%
Jak nazywała się magiczna roślina, na której Harry, Ron i Hermiona wylądowali skacząc przez klapę w podłodze, której strzegł Puszek? Diabelskie Sidła
31%
Jak przedstawił się Harry, wsiadając do Błędnego Rycerza, żeby ukryć swoją tożsamość? Neville Longbottom
30%
Jakie imiona nosił pierworodny syn Harry'ego? Albus Severus
27%
Jak nazywało się utworzone przez Hermionę stowarzyszenie, którego głównym celem było wyzwolenie skrzatów domowych? W.E.S.Z
24%
Jak miała na imię siostra Fleur Delacour? Gabrielle
21%
Kto wypowiedział słowa przepowiedni dotyczące przyszłości Harry'ego i Voldemorta? Sybilla Trelawney
18%
Kto rzucił śmiercionośne zaklęcie, tym samym zabijając Syriusza Blacka? Bellatrix Lastrange
17%
Jak nazywało się uroczyste danie słowa drugiemu czarodziejowi, którego złamanie groziło śmiercią? Przysięga Wieczysta
16%
Jak miał na imię pies ciotki Marge, którego zabrała ze sobą do Dursley'ów? Majcher
12%
Kto widniał na obrazie w korytarzu Zakonu Feniksa - hałas powodował, że po obudzeniu obrzucała wszystkich wyzwiskami Matka Syriusza Blacka
7%
Jak nazywała się ciotka Rona, która w dniu ślubu Fleur i Billa użyczyła pannie młodej swój diadem? Muriel
6%
Jak brzmiało zaklęcie, które Hermiona rzuciła na Rona, wyczarowując stadko ptaszków? Oppugno
4%
Nie znaleziono quizów pasujących do podanych kryteriów
Rozkład punktacji
Procent ludzi z każdym wynikiem
Percentyl według liczby udzielonych odpowiedzi
Twoja historia wyników
Nie rozwiązałeś tego quizu